Ultimate 2000s Songs Quiz - Statistics

General Stats
  • This quiz has been taken 529 times
  • The average score is 37 of 100
Answer Stats
Song Artist/Band % Correct
I Kissed a Girl Katy Perry
93%
Bad Romance Lady Gaga
93%
Toxic Britney Spears
91%
I Gotta Feeling Black Eyed Peas
87%
Lose Yourself Eminem
87%
Hey Ya Outkast
87%
Halo Beyoncé
84%
In Da Club 50 Cent
83%
Gold Digger Kanye West
81%
Rehab Amy Winehouse
78%
Seven Nation Army White Stripes
69%
Hot In Herre Nelly
67%
Whenever, Wherever Shakira
67%
Drop It Like It's Hot Snoop Dogg
67%
Hey Soul Sister Train
67%
Bring Me To Life Evanescence
64%
Numb Linkin Park
61%
Don't Cha Pussycat Dolls
61%
This Love Maroon 5
59%
Cint Eastwood Gorillaz
58%
The Sweet Escape Gwen Stefani
58%
21 Guns Green Day
56%
Hey There Delilah Plain White T's
56%
Chasing Cars Snow Patrol
54%
Survivor Destiny's Child
53%
You're Beautiful James Blunt
52%
Use Somebody Kings Of Leon
52%
I Write Sins Not Tragedies Panic! At The Disco
52%
I'm Yours Jason Mraz
50%
Welcome To The Black Parade My Chemical Romance
50%
Take Me Out Franz Ferdinand
48%
Crazy Gnarls Barkley
48%
Because Of You Kelly Clarkson
48%
I'm Like A Bird Nelly Furtado
48%
How To Safe A Life Fray
47%
Teenage Dirtbag Wheatus
47%
Apologize OneRepublic
46%
Beautiful Christina Aguilera
44%
Sugar, We're Going Down Fall Out Boy
43%
Beverly Hills Weezer
42%
Just Like a Pill Pink
41%
Gives You Hell All-American Rejects
40%
Grace Kelly Mika
40%
Are You Gonna Be My Girl Jet
38%
Can't Stop Red Hot Chili Peppers
38%
Russian Roulette Rihanna
38%
I Bet You Look Good On The Dancefloor Arctic Monkeys
37%
Who Let The Dogs Out? Baha Men
37%
Vertigo U2
36%
Make You Feel My Love Adele
35%
The Middle Jimmy Eat World
33%
Haven't Met You Yet Michael Bublé
33%
The Reason Hoobastank
31%
In My Place Coldplay
30%
Mercy Duffy
29%
Best of You Foo Fighters
29%
LoveStoned / I Think She Knows Justin Timberlake
28%
Here Without You 3 Doors Down
27%
Because I Got High Afroman
27%
All These Things That I've Done Killers
26%
Stop Crying Your Heart Out Oasis
26%
Last Nite Strokes
26%
Chelsea Dagger Fratellis
25%
Lifestyles of the Rich & Famous Good Charlotte
22%
A-Punk Vampire Weekend
22%
Knights of Cydonia Muse
21%
Technologic Daft Punk
20%
Time To Pretend MGMT
20%
Acceptable in the 80s Calvin Harris
18%
She Hates Me Puddle of Mudd
18%
Everything In Its Right Place Radiohead
18%
Dakota Stereophonics
18%
Black Horse And The Cherry Tree KT Tunstall
17%
Feel Robbie Williams
17%
Shine Take That
17%
Only Time Enya
16%
Hard Rock Hallelujah Lordi
15%
Jerk It Out Caesars
13%
Bohemian Like You Dandy Warhols
13%
Nine Million Bicycles Katie Melua
13%
Take Your Mama Scissor Sisters
13%
Galvanize Chemical Brothers
12%
Foxtrot Uniform Charlie Kilo Bloodhound Gang
11%
How Far We've Come Matchbox Twenty
10%
Dry Your Eyes Streets
9%
Sitting, Waiting, Wishing Jack Johnson
8%
Maria (I Like It Loud) Scooter
7%
The Funeral Band of Horses
6%
Heavy Cross Gossip
6%
Join Me HIM
6%
The Angry Mob Kaiser Chiefs
6%
Hoppípolla Sigur Rós
6%
Dreaming of You Coral
5%
Cherry Blossom Girl Air
4%
Ready For The Floor Hot Chip
4%
Fake Empire National
3%
No Tomorrow Orson
3%
Samson Regina Spektor
3%
About A Girl The Academy Is ...
2%
Pain Killer (Summer Rain) Turin Brakes
2%
No matching quizzes found
Score Distribution
Percent of People with Each Score
Percentile by Number Answered
Your Score History
You have not taken this quiz